20 Plus grands lacs de Suisse - Statistiques

Statistiques générales
  • Ce quiz a été pris 150 fois
  • Le résultat moyen est 10 sur 20
Statistiques - réponses
Superficie km2 Réponse % Correct
580 Lac Léman
98%
215 Lac de Neuchâtel
95%
539 Lac de Constance
90%
88 Lac de Zurich
87%
40 Lac de Bienne
75%
23 Lac de Morat
73%
48 Lac de Thoune
73%
49 Lac de Lugano
70%
114 Lac des Quatre Cantons
69%
38 Lac de Zoug
60%
30 Lac de Brienz
58%
212 Lac Majeur
46%
9 Lac de Joux
42%
14 Lac de Sempach
27%
24 Lac de Walenstadt
26%
8 Lac de Sarnen
19%
8 Lac de Greifen
10%
10 Lac de Halwill
10%
5 Lac de Baldegg
9%
7 Lac d'Ägeri
6%
Aucun quiz correspondant
Distribution des résultats
% des personnes avec chaque résultat
Percentile par nombre de réponses
Votre historique - résultats
Vous n’avez pas pris ce quiz